000 00249nam a2200097Ia 4500
001 1194489
005 20250827021730.0
008 250824s9999 xx 000 0 und d
245 0 _aÇİÇİ HAN
_cAHMET HALDUN TERZİOĞLU
260 _bPANAMA YAYINLARI
999 _c1194489
_d1194489